Central Library OPAC University of Rajshahi

Biometrical genetics : (Record no. 11768)

MARC details
000 -LEADER
fixed length control field 00939nam a2200265 a 4500
001 - CONTROL NUMBER
control field 11768
003 - CONTROL NUMBER IDENTIFIER
rucl marc code BD-RjUL
005 - DATE AND TIME OF LATEST TRANSACTION
control field 20211208235159.0
008 - FIXED-LENGTH DATA ELEMENTS--GENERAL INFORMATION
fixed length control field 140127s1960 enk 001 0 eng d
035 ## - SYSTEM CONTROL NUMBER
System control number (BD-RjUL)11817
040 ## - CATALOGING SOURCE
Original cataloging agency ANL
Language of cataloging eng
Transcribing agency ANL
Modifying agency VU
-- BD-RjUL
041 ## - LANGUAGE CODE
Language code of text/sound track or separate title eng
082 04 - DEWEY DECIMAL CLASSIFICATION NUMBER
Edition number 23
Classification number 570.15195
Author mark and year BIO 1960
111 2# - MAIN ENTRY--MEETING NAME
Meeting name or jurisdiction name as entry element International Symposium on Biometrical Genetics,
Date of meeting (1958 :
Location of meeting Ottawa)
9 (RLIN) 215399
245 10 - TITLE STATEMENT
Title Biometrical genetics :
Remainder of title proceedings /
Statement of responsibility, etc. edited by Oscar Kempthorne.
260 ## - PUBLICATION, DISTRIBUTION, ETC. (IMPRINT)
Place of publication, distribution, etc. London :
Name of publisher, distributor, etc. Symposium Publications Division, Pergamon Press,
Date of publication, distribution, etc. 1960.
300 ## - PHYSICAL DESCRIPTION
Pagination viii, 234 p. ;
Size 23 cm.
504 ## - BIBLIOGRAPHY, ETC. NOTE
Bibliography, etc Includes index.
650 #0 - SUBJECT ADDED ENTRY--TOPICAL TERM
Topical term or geographic name as entry element Biometry.
9 (RLIN) 36447
Topical term or geographic name as entry element Genetics
General subdivision Congresses.
9 (RLIN) 36448
700 1# - ADDED ENTRY--PERSONAL NAME
Personal name Kempthorne, Oscar.
942 ## - ADDED ENTRY ELEMENTS (KOHA)
Source of classification or shelving scheme Dewey Decimal Classification
Koha item type Books
Holdings
Lost status Source of classification or shelving scheme Damaged status Not for loan Collection code Permanent Location Current Location Shelving location Date acquired Source of acquisition Cost, normal purchase price Total Checkouts Full call number Date last seen Copy number Koha item type
  Dewey Decimal Classification     Non-fiction Central Library, University of Rajshahi Central Library, University of Rajshahi   01/01/1965 Sun Prokashoni 37.50   570.15195 BIO 1960 27/01/2014 C-3 Books
  Dewey Decimal Classification     Non-fiction Central Library, University of Rajshahi Central Library, University of Rajshahi   20/11/1965 Zeitlinger 42.00   570.15195 BIO 1960 21/05/2017 C-2 Books